000 00367nam a22001571a 4500
020 _a9788130013206
082 _aM3
_bVIL/A
100 _aVilasini
245 _aAvakasikal (v.4)/
_cby Vilasini
260 _aKozhikode:
_bPoorna,
_c2012.
300 _a3080-3920p.
650 _aNovel Malayalam
650 _aLiterature Malayalam
650 _aLiterature
942 _cBK
999 _c3696
_d3696